<?xml version="1.0" encoding="UTF-8"?><?xml-stylesheet type="text/xsl" href="static/style.xsl"?><OAI-PMH xmlns="http://www.openarchives.org/OAI/2.0/" xmlns:xsi="http://www.w3.org/2001/XMLSchema-instance" xsi:schemaLocation="http://www.openarchives.org/OAI/2.0/ http://www.openarchives.org/OAI/2.0/OAI-PMH.xsd"><responseDate>2026-06-04T04:59:34Z</responseDate><request verb="GetRecord" identifier="oai:recam.amb.cat:20.500.14439/2137" metadataPrefix="marc">https://recam.amb.cat/rest/oai/request</request><GetRecord><record><header><identifier>oai:recam.amb.cat:20.500.14439/2137</identifier><datestamp>2024-12-08T18:12:56Z</datestamp><setSpec>com_20.500.14439_2794</setSpec><setSpec>com_20.500.14439_113</setSpec><setSpec>col_20.500.14439_4199</setSpec></header><metadata><record xmlns="http://www.loc.gov/MARC21/slim" xmlns:dcterms="http://purl.org/dc/terms/" xmlns:xsi="http://www.w3.org/2001/XMLSchema-instance" xmlns:doc="http://www.lyncode.com/xoai" xsi:schemaLocation="http://www.loc.gov/MARC21/slim http://www.loc.gov/standards/marcxml/schema/MARC21slim.xsd">
   <leader>00925njm 22002777a 4500</leader>
   <datafield ind2=" " ind1=" " tag="042">
      <subfield code="a">dc</subfield>
   </datafield>
   <datafield ind2=" " ind1=" " tag="720">
      <subfield code="a">Institut d'Estudis Regionals i Metropolitans de Barcelona</subfield>
      <subfield code="e">author</subfield>
   </datafield>
   <datafield ind2=" " ind1=" " tag="260">
      <subfield code="c">2015-04-01</subfield>
   </datafield>
   <datafield ind2=" " ind1=" " tag="520">
      <subfield code="a">La quarta edició de l’Anuari Metropolità presenta una estructura similar a les edicions anteriors, amb les corresponents actualitzacions de les anàlisis econòmiques, territorials i estratègiques de l’Àrea Metropolitana de Barcelona; i s’hi introdueixen dos nous elements molt rellevants a l’hora d’analitzar i interpretar el territori metropolità: les infraestructures de gran potencial (aeroport) i les grans àrees econòmiques transfrontereres (megaregions).</subfield>
   </datafield>
   <datafield ind1="8" ind2=" " tag="024">
      <subfield code="a">9788492940196</subfield>
   </datafield>
   <datafield ind1="8" ind2=" " tag="024">
      <subfield code="a">https://hdl.handle.net/20.500.14439/2137</subfield>
   </datafield>
   <datafield ind1="8" ind2=" " tag="024">
      <subfield code="a">6267919</subfield>
   </datafield>
   <datafield ind1="8" ind2=" " tag="024">
      <subfield code="a">B 9737-2015</subfield>
   </datafield>
   <datafield tag="653" ind2=" " ind1=" ">
      <subfield code="a">Ciutats</subfield>
   </datafield>
   <datafield ind2="0" ind1="0" tag="245">
      <subfield code="a">Creixement inclusiu: el gran repte estratègic metropolità</subfield>
   </datafield>
</record></metadata></record></GetRecord></OAI-PMH>